MARC

LEADER 00000nam0a2200000 4500
001 264448
005 20231101233831.0
035 |a (RuTPU)RU\TPU\book\287440 
090 |a 264448 
100 |a 20140619d1970 k y0rusy50 ca 
101 1 |a rus  |c eng 
102 |a RU 
105 |a a z 001zy 
200 1 |a Синхротронное излучение в исследовании твердых тел  |e сборник статей  |e пер. с англ.  |f под ред. А. А. Соколова 
210 |a Москва  |c Мир  |d 1970 
215 |a 292 с.  |c ил. 
320 |a Библиография в конце статей 
606 1 |a Твердые тела  |2 stltpush  |3 (RuTPU)RU\TPU\subj\58634  |9 76404 
606 1 |a Спектроскопия экспериментальная  |2 stltpush  |3 (RuTPU)RU\TPU\subj\55815  |9 73773 
610 1 |a ультрафиолетовое излучение 
610 1 |a измерение 
610 1 |a формулы 
610 1 |a эксперименты 
610 1 |a синхротронное излучение 
610 1 |a синхротроны 
610 1 |a поляриметры 
610 1 |a металлы 
610 1 |a сплавы 
610 1 |a монохроматоры 
610 1 |a алюминиевые пленки 
675 |a 539.2  |v 3 
702 1 |a Соколов  |b А. А.  |4 340 
801 1 |a RU  |b 63413507  |c 20140619 
801 2 |a RU  |b 63413507  |c 20150205  |g RCR 
942 |c BK